[Event "ODJM A 2023"]
[Site "Willingen GER"]
[Date "2023.06.02"]
[Round "8"]
[White "Winkler, Yonathan"]
[Black "Nguyen, Phuc Nhat"]
[Result "1-0"]
[Termination "normal"]
[Board "15"]
[WhiteElo "2007"]
[BlackElo "1929"]
[WhiteClock "00:24:17"]
[BlackClock "00:30:02"]
[PlyCount "85"]
[WhiteFideId "16266080"]
[BlackFideId "16253590"]
[EventCountry "GER"]
[EventRounds "9"]
[EventType "swiss"]
[EventDate "2023.05.27"]

1. e4 {[%clk 01:30:55]} {[%emt 00:00:02]} e5 {[%clk 01:29:23]} {[%emt
00:01:40]} 2. Nf3 {[%clk 01:31:19]} {[%emt 00:00:06]} Nf6 {[%clk 01:27:58]}
{[%emt 00:01:55]} 3. Nc3 {[%clk 01:31:41]} {[%emt 00:00:07]} Bc5 {[%clk
01:28:22]} {[%emt 00:00:07]} 4. Nxe5 {[%clk 01:28:16]} {[%emt 00:03:53]} Nc6
{[%clk 01:28:33]} {[%emt 00:00:21]} 5. Nxc6 {[%clk 01:28:03]} {[%emt 00:00:42]}
dxc6 {[%clk 01:28:56]} {[%emt 00:00:08]} 6. h3 {[%emt 00:02:52]} h5 {[%clk
01:20:53]} {[%emt 00:08:12]} 7. d3 {[%clk 01:25:16]} {[%emt 00:01:15]} Qd6
{[%clk 01:21:15]} {[%emt 00:00:08]} 8. Qf3 {[%clk 01:20:23]} {[%emt 00:05:23]}
Bd4 {[%clk 01:18:12]} {[%emt 00:03:33]} 9. Be3 {[%clk 01:13:26]} {[%emt
00:07:27]} Bxc3+ {[%clk 01:17:38]} {[%emt 00:01:05]} 10. bxc3 {[%clk 01:13:22]}
{[%emt 00:00:33]} Qa3 {[%clk 01:18:00]} {[%emt 00:00:09]} 11. Bd2 {[%clk
01:03:41]} {[%emt 00:10:11]} Be6 {[%clk 01:14:08]} {[%emt 00:04:21]} 12. Qd1
{[%clk 00:58:03]} {[%emt 00:06:08]} O-O-O {[%clk 01:13:17]} {[%emt 00:01:21]}
13. Qc1 {[%clk 00:56:27]} {[%emt 00:02:06]} Qd6 {[%clk 01:07:57]} {[%emt
00:05:50]} 14. Bf4 {[%clk 00:53:35]} {[%emt 00:03:21]} Qc5 {[%clk 01:06:42]}
{[%emt 00:01:45]} 15. Qb2 {[%clk 00:54:00]} {[%emt 00:00:05]} Qe7 {[%clk
00:56:56]} {[%emt 00:10:18]} 16. Rb1 {[%clk 00:52:05]} {[%emt 00:02:25]} b6
{[%clk 00:57:23]} {[%emt 00:00:02]} 17. Qb4 {[%clk 00:47:56]} {[%emt 00:04:39]}
Qe8 {[%clk 00:45:01]} {[%emt 00:12:53]} 18. Qa3 {[%emt 00:15:28]} Kb7 {[%clk
00:35:13]} {[%emt 00:01:05]} 19. f3 {[%clk 00:40:17]} {[%emt 00:02:24]} Bc8
{[%clk 00:30:31]} {[%emt 00:05:13]} 20. c4 {[%clk 00:31:07]} {[%emt 00:09:39]}
h4 {[%clk 00:22:38]} {[%emt 00:08:24]} 21. c5 {[%clk 00:28:40]} {[%emt
00:02:56]} Nd5 {[%clk 00:21:31]} {[%emt 00:01:37]} 22. Bh2 {[%clk 00:24:02]}
{[%emt 00:05:08]} f5 {[%clk 00:20:05]} {[%emt 00:01:57]} 23. Kf2 {[%clk
00:17:06]} {[%emt 00:07:25]} f4 {[%clk 00:12:58]} {[%emt 00:07:36]} 24. c4
{[%clk 00:14:26]} {[%emt 00:03:12]} Qe5 {[%clk 00:01:23]} {[%emt 00:12:05]} 25.
cxd5 {[%clk 00:13:19]} {[%emt 00:01:37]} Qd4+ {[%clk 00:01:52]} {[%emt
00:00:02]} 26. Ke1 {[%clk 00:13:41]} {[%emt 00:00:08]} cxd5 {[%clk 00:02:02]}
{[%emt 00:00:20]} 27. Qb4 {[%clk 00:11:25]} {[%emt 00:02:45]} Qf6 {[%clk
00:01:30]} {[%emt 00:01:02]} 28. cxb6 {[%clk 00:08:52]} {[%emt 00:03:04]} axb6
{[%clk 00:01:41]} {[%emt 00:00:19]} 29. Qb2 {[%clk 00:06:55]} {[%emt 00:02:27]}
Qg5 {[%clk 00:01:40]} {[%emt 00:00:31]} 30. Qb5 {[%clk 00:04:49]} {[%emt
00:02:36]} Qf6 {[%clk 00:01:37]} {[%emt 00:00:34]} 31. Qb4 {[%clk 00:04:35]}
{[%emt 00:00:44]} Rhe8 {[%clk 00:00:59]} {[%emt 00:01:07]} 32. Kf2 {[%clk
00:04:01]} {[%emt 00:01:05]} dxe4 {[%clk 00:01:12]} {[%emt 00:00:17]} 33. fxe4
{[%clk 00:04:22]} {[%emt 00:00:08]} Rd4 {[%clk 00:00:33]} {[%emt 00:01:10]} 34.
Qc3 {[%clk 00:03:40]} {[%emt 00:01:12]} Qd6 {[%clk 00:00:33]} {[%emt 00:00:31]}
35. Be2 {[%clk 00:02:37]} {[%emt 00:01:33]} Qf6 {[%clk 00:00:48]} {[%emt
00:00:14]} 36. Rhc1 {[%clk 00:02:39]} {[%emt 00:00:28]} Re7 {[%clk 00:00:37]}
{[%emt 00:00:41]} 37. Bf3 {[%clk 00:02:23]} {[%emt 00:00:47]} Qe5 {[%clk
00:00:39]} {[%emt 00:00:28]} 38. Bxf4 {[%clk 00:01:51]} {[%emt 00:01:02]} Qxf4
{[%clk 00:00:33]} {[%emt 00:00:37]} 39. Qxd4 {[%clk 00:02:11]} {[%emt
00:00:10]} Qg3+ {[%clk 00:00:33]} {[%emt 00:00:29]} 40. Kg1 {[%clk 00:01:33]}
{[%emt 00:01:08]} Bxh3 {[%clk 00:00:35]} {[%emt 00:00:27]} 41. e5+ {[%clk
00:25:16]} {[%emt 00:06:49]} Kc8 {[%clk 00:30:35]} {[%emt 00:00:30]} 42. Rxb6
{[%clk 00:24:04]} {[%emt 00:01:42]} Bxg2 {[%clk 00:30:02]} {[%emt 00:01:03]}
43. Bg4+ {[%clk 00:24:17]} {[%emt 00:00:17]} 1-0

[Event "ODJM A 2023"]
[Site "Willingen GER"]
[Date "2023.06.02"]
[Round "8"]
[White "Kamp, Adrian"]
[Black "Held, Momme Fredrik"]
[Result "1-0"]
[Termination "normal"]
[Board "16"]
[WhiteElo "2021"]
[BlackElo "1914"]
[WhiteClock "00:26:46"]
[BlackClock "00:27:08"]
[PlyCount "103"]
[WhiteFideId "16222466"]
[BlackFideId "16237692"]
[EventCountry "GER"]
[EventRounds "9"]
[EventType "swiss"]
[EventDate "2023.05.27"]

1. e4 {[%emt 0:00:07]} c5 {[%emt 0:00:08]} 2. Nf3 {[%emt 0:00:22]} g6 {[%emt
0:00:15]} 3. c3 {[%emt 0:00:53]} Bg7 {[%emt 0:01:38]} 4. d4 {[%emt 0:01:11]}
cxd4 {[%emt 0:00:31]} 5. cxd4 {[%emt 0:00:12]} d5 {[%emt 0:00:05]} 6. e5 {[%emt
0:00:20]} a6 {[%emt 0:00:28]} 7. Be2 {[%emt 0:00:47]} Bg4 {[%emt 0:01:30]} 8.
Nc3 {[%emt 0:08:15]} Bxf3 {[%emt 0:09:28]} 9. Bxf3 {[%emt 0:00:23]} e6 {[%emt
0:00:05]} 10. O-O {[%emt 0:08:08]} Nc6 {[%emt 0:00:36]} 11. Be3 {[%emt
0:02:39]} Nge7 {[%emt 0:02:35]} 12. Qd2 {[%emt 0:01:08]} O-O {[%emt 0:05:26]}
13. Na4 {[%emt 0:03:38]} Nf5 {[%emt 0:27:05]} 14. Bg4 {[%emt 0:05:59]} Nfe7
{[%emt 0:09:29]} 15. Rac1 {[%emt 0:04:16]} h5 {[%emt 0:04:15]} 16. Bh3 {[%emt
0:05:08]} Qc7 {[%emt 0:05:38]} 17. Rc2 {[%emt 0:07:52]} Rfc8 {[%emt 0:01:33]}
18. Rfc1 {[%emt 0:02:41]} b6 {[%emt 0:00:29]} 19. Bg5 {[%emt 0:02:48]} Qb7
{[%emt 0:00:20]} 20. b3 {[%emt 0:07:00]} Bf8 {[%emt 0:05:21]} 21. g4 {[%emt
0:04:18]} hxg4 {[%emt 0:02:22]} 22. Bxg4 {[%emt 0:00:07]} Na7 {[%emt 0:00:49]}
23. Qd3 {[%emt 0:05:35]} Rxc2 {[%emt 0:02:13]} 24. Rxc2 {[%emt 0:00:08]} Rc8
{[%emt 0:00:04]} 25. Rxc8 {[%emt 0:01:19]} Naxc8 {[%emt 0:00:29]} 26. Bf6
{[%emt 0:05:24]} Qc6 {[%emt 0:02:35]} 27. Kg2 {[%emt 0:07:20]} Qc1 {[%emt
0:00:58]} 28. Qh3 {[%emt 0:00:59]} Qh6 {[%emt 0:01:26]} 29. Qxh6 {[%emt
0:00:59]} Bxh6 {[%emt 0:00:04]} 30. Nxb6 {[%emt 0:00:19]} Kf8 {[%emt 0:01:19]}
31. Nxc8 {[%emt 0:03:47]} Nxc8 {[%emt 0:00:04]} 32. Be2 {[%emt 0:00:30]} Ne7
{[%emt 0:01:28]} 33. Bxe7+ {[%emt 0:02:47]} Kxe7 {[%emt 0:00:05]} 34. Bxa6
{[%emt 0:00:06]} Bd2 {[%emt 0:02:41]} 35. Kf3 {[%emt 0:00:28]} Bb4 {[%emt
0:00:27]} 36. Ke3 {[%emt 0:01:16]} g5 {[%emt 0:05:59]} 37. f4 {[%emt 0:03:08]}
gxf4+ {[%emt 0:01:45]} 38. Kxf4 {[%emt 0:00:06]} f6 {[%emt 0:01:42]} 39. exf6+
{[%emt 0:02:10]} Kxf6 {[%emt 0:00:07]} 40. Ke3 {[%emt 0:02:20]} Bc3 {[%emt
0:02:24]} 41. Kd3 {[%emt 0:03:19]} Bb4 {[%emt 0:01:01]} 42. Bb7 {[%emt
0:01:53]} Kg5 {[%emt 0:05:57]} 43. h4+ {[%emt 0:04:35]} Kxh4 44. Bc8 Kg5 45.
Bxe6 Kf6 46. Bxd5 Ke7 47. Kc4 Bd6 48. a4 Kd7 49. Kb5 Kc7 50. a5 Bf8 51. a6 Kb8
52. Kb6 1-0

[Event "ODJM A 2023"]
[Site "Willingen GER"]
[Date "2023.06.02"]
[Round "8"]
[White "Paeslack, Luis"]
[Black "Grunert, Friedrich"]
[Result "1/2-1/2"]
[Termination "normal"]
[Board "17"]
[WhiteElo "1887"]
[BlackElo "1975"]
[WhiteClock "00:04:30"]
[BlackClock "00:35:19"]
[PlyCount "76"]
[WhiteFideId "12987760"]
[BlackFideId "12995592"]
[EventCountry "GER"]
[EventRounds "9"]
[EventType "swiss"]
[EventDate "2023.05.27"]

1. d4 {[%clk 01:30:46]} {[%emt 00:00:14]} d5 {[%clk 01:30:57]} {[%emt
00:00:03]} 2. Nc3 {[%clk 01:30:37]} {[%emt 00:00:39]} Nf6 {[%clk 01:31:04]}
{[%emt 00:00:24]} 3. Bf4 {[%clk 01:31:02]} {[%emt 00:00:04]} Bf5 {[%clk
01:30:08]} {[%emt 00:01:26]} 4. f3 {[%clk 01:30:45]} {[%emt 00:00:46]} e6
{[%clk 01:30:00]} {[%emt 00:00:39]} 5. g4 {[%clk 01:30:42]} {[%emt 00:00:33]}
Bg6 {[%clk 01:30:26]} {[%emt 00:00:04]} 6. h4 {[%clk 01:30:56]} {[%emt
00:00:15]} h5 {[%clk 01:30:14]} {[%emt 00:00:42]} 7. g5 {[%clk 01:30:46]}
{[%emt 00:00:41]} Ng8 {[%clk 01:27:09]} {[%emt 00:03:36]} 8. e3 {[%clk
01:24:06]} {[%emt 00:07:09]} Bd6 {[%clk 01:26:28]} {[%emt 00:01:11]} 9. Nh3
{[%clk 01:10:02]} {[%emt 00:14:34]} Ne7 {[%clk 01:22:51]} {[%emt 00:04:07]} 10.
Bxd6 {[%clk 00:58:25]} {[%emt 00:12:07]} Qxd6 {[%clk 01:23:15]} {[%emt
00:00:07]} 11. Nf4 {[%clk 00:58:37]} {[%emt 00:00:17]} c6 {[%clk 01:22:41]}
{[%emt 00:01:05]} 12. Bd3 {[%clk 00:55:31]} {[%emt 00:03:34]} Bxd3 {[%clk
01:20:16]} {[%emt 00:02:56]} 13. Qxd3 {[%clk 00:53:32]} {[%emt 00:02:28]} g6
{[%clk 01:19:25]} {[%emt 00:01:22]} 14. O-O-O {[%clk 00:47:38]} {[%emt
00:06:24]} Nd7 {[%clk 01:18:04]} {[%emt 00:01:52]} 15. Qd2 {[%clk 00:40:47]}
{[%emt 00:07:20]} e5 {[%clk 01:13:24]} {[%emt 00:05:10]} 16. dxe5 {[%clk
00:33:24]} {[%emt 00:07:52]} Nxe5 {[%clk 01:13:39]} {[%emt 00:00:15]} 17. Ne4
{[%clk 00:31:10]} {[%emt 00:02:44]} Qc7 {[%clk 01:13:56]} {[%emt 00:00:14]} 18.
Nf6+ {[%clk 00:31:36]} {[%emt 00:00:04]} Kf8 {[%clk 01:14:00]} {[%emt
00:00:26]} 19. Nd3 {[%clk 00:27:41]} {[%emt 00:04:25]} Nxd3+ {[%clk 01:04:19]}
{[%emt 00:10:11]} 20. Qxd3 {[%clk 00:27:57]} {[%emt 00:00:14]} Ng8 {[%clk
01:03:22]} {[%emt 00:01:27]} 21. Qc3 {[%clk 00:23:08]} {[%emt 00:05:19]} Nxf6
{[%clk 01:03:11]} {[%emt 00:00:40]} 22. Qxf6 {[%clk 00:23:36]} {[%emt
00:00:01]} Kg8 {[%clk 01:03:05]} {[%emt 00:04:32]} 23. e4 {[%clk 00:21:48]} Kh7
{[%clk 00:53:46]} {[%emt 00:08:13]} 24. exd5 {[%clk 00:20:45]} {[%emt
00:01:33]} cxd5 {[%clk 00:54:13]} {[%emt 00:00:03]} 25. Rxd5 {[%clk 00:20:08]}
{[%emt 00:01:07]} Rhd8 {[%clk 00:52:23]} {[%emt 00:02:20]} 26. Re5 {[%clk
00:11:50]} {[%emt 00:08:48]} Qd7 {[%clk 00:51:36]} {[%emt 00:01:18]} 27. Re2
{[%clk 00:11:20]} {[%emt 00:00:59]} Rac8 {[%clk 00:50:00]} {[%emt 00:02:05]}
28. Rhe1 {[%clk 00:10:25]} {[%emt 00:01:26]} Kg8 {[%clk 00:48:13]} {[%emt
00:02:16]} 29. b3 {[%clk 00:10:03]} {[%emt 00:00:52]} a5 {[%clk 00:42:31]}
{[%emt 00:06:13]} 30. Qf4 {[%clk 00:06:25]} {[%emt 00:04:08]} Qc6 {[%clk
00:39:21]} {[%emt 00:03:41]} 31. c4 {[%clk 00:04:54]} {[%emt 00:02:00]} b5
{[%clk 00:37:56]} {[%emt 00:01:55]} 32. Re7 {[%clk 00:05:06]} {[%emt 00:00:18]}
Rf8 {[%clk 00:38:19]} {[%emt 00:00:07]} 33. R7e4 {[%clk 00:04:46]} {[%emt
00:00:51]} a4 {[%clk 00:35:32]} {[%emt 00:03:16]} 34. Qf6 {[%clk 00:04:08]}
{[%emt 00:01:08]} Qc5 {[%clk 00:34:28]} {[%emt 00:01:34]} 35. Qe5 {[%clk
00:03:50]} {[%emt 00:00:48]} Qxe5 {[%clk 00:34:38]} {[%emt 00:00:21]} 36. Rxe5
{[%clk 00:04:15]} {[%emt 00:00:05]} axb3 {[%clk 00:34:52]} {[%emt 00:00:16]}
37. axb3 {[%clk 00:04:12]} {[%emt 00:00:32]} bxc4 {[%clk 00:35:19]} {[%emt
00:00:03]} 38. b4 {[%clk 00:04:30]} {[%emt 00:00:12]} Rfd8 {[%emt 00:05:12]}
1/2-1/2

[Event "ODJM A 2023"]
[Site "Willingen GER"]
[Date "2023.06.02"]
[Round "8"]
[White "Uhlmann, Tim"]
[Black "Schwartz, Oliver"]
[Result "1-0"]
[Termination "normal"]
[Board "18"]
[WhiteElo "1859"]
[BlackElo "1919"]
[WhiteClock "01:26:31"]
[BlackClock "00:41:21"]
[PlyCount "43"]
[WhiteFideId "16239210"]
[BlackFideId "16207459"]
[EventCountry "GER"]
[EventRounds "9"]
[EventType "swiss"]
[EventDate "2023.05.27"]

1. e4 {[%clk 01:30:46]} {[%emt 00:00:14]} c5 {[%clk 01:30:48]} {[%emt
00:00:13]} 2. Nf3 {[%clk 01:31:11]} {[%emt 00:00:04]} d6 {[%clk 01:30:43]}
{[%emt 00:00:35]} 3. d4 {[%clk 01:31:36]} {[%emt 00:00:05]} cxd4 {[%clk
01:31:10]} {[%emt 00:00:04]} 4. Nxd4 {[%clk 01:31:58]} {[%emt 00:00:08]} Nf6
{[%clk 01:31:32]} {[%emt 00:00:07]} 5. f3 {[%clk 01:32:11]} {[%emt 00:00:17]}
e5 {[%clk 01:30:42]} {[%emt 00:01:20]} 6. Nb3 {[%clk 01:32:33]} {[%emt
00:00:08]} d5 {[%clk 01:30:56]} {[%emt 00:00:16]} 7. Bg5 {[%clk 01:32:52]}
{[%emt 00:00:11]} Be6 {[%clk 01:30:47]} {[%emt 00:00:39]} 8. exd5 {[%clk
01:32:47]} {[%emt 00:00:36]} Qxd5 {[%clk 01:27:43]} {[%emt 00:03:33]} 9. Nc3
{[%clk 01:33:06]} {[%emt 00:00:11]} Bb4 {[%clk 01:17:38]} {[%emt 00:10:34]} 10.
Qxd5 {[%clk 01:33:23]} {[%emt 00:00:14]} Nxd5 {[%clk 01:14:43]} {[%emt
00:03:26]} 11. O-O-O {[%clk 01:33:44]} {[%emt 00:00:08]} Bxc3 {[%clk 01:13:34]}
{[%emt 00:01:39]} 12. bxc3 {[%clk 01:34:09]} {[%emt 00:00:06]} f6 {[%clk
01:09:29]} {[%emt 00:04:35]} 13. Nc5 {[%clk 01:31:14]} {[%emt 00:03:24]} Ke7
{[%clk 01:00:28]} {[%emt 00:09:30]} 14. Nxe6 {[%clk 01:27:17]} {[%emt
00:04:28]} Kxe6 {[%clk 01:00:43]} {[%emt 00:00:15]} 15. Bc4 {[%clk 01:27:31]}
{[%emt 00:00:16]} Rd8 {[%clk 01:00:11]} {[%emt 00:01:01]} 16. Rxd5 {[%clk
01:27:47]} {[%emt 00:00:14]} Nd7 {[%clk 00:43:17]} {[%emt 00:17:24]} 17. Rhd1
{[%clk 01:26:43]} {[%emt 00:01:35]} Ke7 {[%clk 00:43:40]} {[%emt 00:00:07]} 18.
Be3 {[%clk 01:27:00]} {[%emt 00:00:12]} Rac8 {[%clk 00:42:40]} {[%emt
00:01:32]} 19. Bb5 {[%clk 01:26:52]} {[%emt 00:00:37]} Rxc3 {[%clk 00:40:26]}
{[%emt 00:02:44]} 20. Rxd7+ {[%clk 01:27:07]} {[%emt 00:00:15]} Rxd7 {[%clk
00:40:54]} {[%emt 00:00:03]} 21. Rxd7+ {[%clk 01:27:27]} {[%emt 00:00:09]} Ke6
{[%clk 00:41:21]} {[%emt 00:00:03]} 22. Bxa7 {[%clk 01:26:31]} {[%emt
00:01:26]} 1-0

[Event "ODJM A 2023"]
[Site "Willingen GER"]
[Date "2023.06.02"]
[Round "8"]
[White "Schulz, Jannis"]
[Black "Gold, Jan Christian"]
[Result "0-1"]
[Termination "normal"]
[Board "19"]
[WhiteElo "1802"]
[BlackElo "1754"]
[WhiteClock "00:40:11"]
[BlackClock "00:10:45"]
[PlyCount "50"]
[WhiteFideId "16224710"]
[BlackFideId "16298128"]
[EventCountry "GER"]
[EventRounds "9"]
[EventType "swiss"]
[EventDate "2023.05.27"]

1. d4 {[%clk 01:30:57]} {[%emt 00:00:02]} d5 {[%clk 01:30:53]} {[%emt
00:00:07]} 2. Nf3 {[%clk 01:30:46]} {[%emt 00:00:42]} Nf6 {[%clk 01:31:11]}
{[%emt 00:00:13]} 3. e3 {[%clk 01:31:02]} {[%emt 00:00:13]} e6 {[%clk
01:31:28]} {[%emt 00:00:13]} 4. Bd3 {[%clk 01:31:19]} {[%emt 00:00:13]} Be7
{[%clk 01:31:48]} {[%emt 00:00:10]} 5. O-O {[%clk 01:31:42]} {[%emt 00:00:08]}
O-O {[%clk 01:32:13]} {[%emt 00:00:05]} 6. b3 {[%clk 01:32:09]} {[%emt
00:00:03]} b6 {[%clk 01:32:02]} {[%emt 00:00:40]} 7. Ne5 {[%clk 01:31:33]}
{[%emt 00:01:06]} Nbd7 {[%clk 01:28:46]} {[%emt 00:03:46]} 8. f4 {[%clk
01:24:38]} {[%emt 00:07:25]} Bb7 {[%clk 01:26:22]} {[%emt 00:02:54]} 9. Nd2
{[%clk 01:24:22]} {[%emt 00:00:45]} Ne4 {[%clk 01:26:09]} {[%emt 00:00:44]} 10.
Bb2 {[%clk 01:21:16]} {[%emt 00:03:36]} f6 {[%clk 01:21:17]} {[%emt 00:05:23]}
11. Nxd7 {[%clk 01:14:30]} {[%emt 00:07:15]} Qxd7 {[%clk 01:21:32]} {[%emt
00:00:16]} 12. Qe2 {[%clk 01:14:21]} {[%emt 00:00:38]} Rac8 {[%clk 01:15:18]}
{[%emt 00:06:44]} 13. Rf3 {[%clk 01:08:10]} {[%emt 00:06:41]} c5 {[%clk
01:08:09]} {[%emt 00:07:39]} 14. Rh3 {[%clk 01:07:27]} {[%emt 00:01:12]} cxd4
{[%clk 00:45:34]} {[%emt 00:23:05]} 15. exd4 {[%clk 01:06:56]} {[%emt
00:01:01]} f5 {[%clk 00:43:01]} {[%emt 00:03:05]} 16. Nf3 {[%clk 01:06:20]}
{[%emt 00:01:05]} Bf6 {[%clk 00:31:35]} {[%emt 00:11:57]} 17. Ba3 {[%clk
01:03:54]} {[%emt 00:02:55]} Rf7 {[%clk 00:28:01]} {[%emt 00:04:04]} 18. Re1
{[%clk 00:53:54]} {[%emt 00:14:08]} Qc7 {[%clk 00:26:30]} 19. Ne5 {[%clk
00:52:06]} {[%emt 00:00:40]} Bxe5 {[%clk 00:20:49]} {[%emt 00:06:11]} 20. fxe5
{[%clk 00:52:30]} {[%emt 00:00:05]} Qc3 {[%clk 00:20:06]} {[%emt 00:01:14]} 21.
Bxe4 {[%clk 00:52:50]} {[%emt 00:00:11]} Qxd4+ {[%clk 00:20:29]} {[%emt
00:00:06]} 22. Kh1 {[%clk 00:49:48]} {[%emt 00:03:32]} Qxe4 {[%clk 00:16:36]}
{[%emt 00:04:23]} 23. Qf2 {[%clk 00:41:43]} {[%emt 00:08:35]} Rxc2 {[%clk
00:15:03]} {[%emt 00:02:04]} 24. Qf1 {[%clk 00:41:01]} {[%emt 00:01:11]} Ba6
{[%clk 00:12:41]} {[%emt 00:02:51]} 25. Qg1 {[%clk 00:40:11]} {[%emt 00:01:20]}
Rxg2 {[%clk 00:10:45]} {[%emt 00:02:27]} 0-1

[Event "ODJM A 2023"]
[Site "Willingen GER"]
[Date "2023.06.02"]
[Round "8"]
[White "Gluma, Christian"]
[Black "Korbel, Joshua"]
[Result "1-0"]
[Termination "normal"]
[Board "20"]
[WhiteElo "2161"]
[BlackElo "1682"]
[WhiteClock "00:02:00"]
[BlackClock "00:03:38"]
[PlyCount "63"]
[WhiteFideId "16223209"]
[BlackFideId "16273184"]
[EventCountry "GER"]
[EventRounds "9"]
[EventType "swiss"]
[EventDate "2023.05.27"]

1. e4 {[%clk 01:30:54]} {[%emt 00:00:05]} g6 {[%clk 01:30:58]} {[%emt
00:00:03]} 2. d4 {[%clk 01:31:17]} {[%emt 00:00:07]} Bg7 {[%clk 01:31:25]}
{[%emt 00:00:04]} 3. Nc3 {[%clk 01:31:38]} {[%emt 00:00:09]} d6 {[%clk
01:31:49]} {[%emt 00:00:06]} 4. Be3 {[%clk 01:32:01]} {[%emt 00:00:06]} Nf6
{[%clk 01:31:35]} {[%emt 00:00:44]} 5. f3 {[%clk 01:28:33]} {[%emt 00:03:59]}
a6 {[%clk 01:28:00]} {[%emt 00:04:05]} 6. a4 {[%clk 01:22:15]} {[%emt
00:06:47]} Nc6 {[%clk 01:26:50]} {[%emt 00:01:40]} 7. Qd2 {[%clk 01:19:43]}
{[%emt 00:03:01]} h6 {[%clk 01:24:07]} {[%emt 00:03:13]} 8. g4 {[%clk
01:12:19]} {[%emt 00:07:54]} h5 {[%clk 01:20:48]} {[%emt 00:03:50]} 9. g5
{[%clk 01:10:19]} {[%emt 00:02:29]} Nd7 {[%clk 01:09:27]} {[%emt 00:11:52]} 10.
d5 {[%clk 01:01:45]} {[%emt 00:09:04]} Na7 {[%clk 01:09:26]} {[%emt 00:00:32]}
11. Bd4 {[%clk 00:45:55]} {[%emt 00:16:19]} O-O {[%clk 01:08:04]} 12. Bc4
{[%clk 00:42:03]} {[%emt 00:06:15]} Ne5 {[%clk 01:04:15]} 13. Bb3 {[%clk
00:39:13]} {[%emt 00:07:38]} c5 14. Bxe5 Bxe5 {[%clk 00:59:43]} {[%emt
00:00:04]} 15. f4 {[%clk 00:36:33]} {[%emt 00:00:21]} Bg7 {[%clk 00:58:40]}
{[%emt 00:01:33]} 16. Nf3 {[%clk 00:30:28]} {[%emt 00:06:34]} Bg4 {[%clk
00:55:17]} {[%emt 00:03:53]} 17. Nh4 {[%clk 00:29:40]} {[%emt 00:01:18]} b5
{[%clk 00:50:54]} {[%emt 00:07:43]} 18. f5 {[%clk 00:26:11]} {[%emt 00:01:11]}
c4 {[%clk 00:34:07]} {[%emt 00:17:16]} 19. Bxc4 {[%clk 00:18:49]} {[%emt
00:07:52]} bxc4 {[%clk 00:34:27]} {[%emt 00:00:10]} 20. h3 {[%clk 00:19:14]}
{[%emt 00:00:05]} Rb8 {[%clk 00:27:03]} {[%emt 00:07:54]} 21. hxg4 {[%clk
00:16:08]} {[%emt 00:03:36]} Rxb2 {[%clk 00:20:13]} {[%emt 00:07:20]} 22. Nd1
{[%clk 00:11:13]} {[%emt 00:05:25]} Rb7 {[%clk 00:16:48]} {[%emt 00:03:55]} 23.
Rc1 {[%clk 00:06:53]} {[%emt 00:04:50]} hxg4 {[%clk 00:14:36]} {[%emt
00:02:42]} 24. Ng2 {[%clk 00:02:23]} {[%emt 00:05:00]} gxf5 {[%clk 00:09:46]}
{[%emt 00:05:20]} 25. exf5 {[%clk 00:02:17]} {[%emt 00:00:36]} Qd7 {[%clk
00:08:47]} {[%emt 00:01:29]} 26. Nge3 {[%clk 00:02:04]} {[%emt 00:00:43]} Rc8
{[%clk 00:07:42]} {[%emt 00:01:36]} 27. Qf2 {[%clk 00:01:37]} {[%emt 00:00:56]}
f6 {[%clk 00:05:12]} {[%emt 00:03:00]} 28. g6 {[%clk 00:02:00]} {[%emt
00:00:07]} Qxa4 {[%clk 00:04:51]} {[%emt 00:00:51]} 29. Nxg4 {[%clk 00:01:12]}
{[%emt 00:01:18]} c3 {[%clk 00:04:13]} {[%emt 00:01:09]} 30. Qe2 {[%clk
00:01:17]} {[%emt 00:00:25]} Qf4 {[%clk 00:03:19]} {[%emt 00:01:22]} 31. Qe6+
{[%clk 00:01:35]} {[%emt 00:00:13]} Kf8 {[%clk 00:03:38]} {[%emt 00:00:12]} 32.
Qf7# {[%clk 00:02:00]} {[%emt 00:00:04]} 1-0

[Event "ODJM A 2023"]
[Site "Willingen GER"]
[Date "2023.06.02"]
[Round "8"]
[White "Meyer, Emil"]
[Black "Astner, Sebastian"]
[Result "1-0"]
[Termination "normal"]
[Board "21"]
[WhiteElo "1825"]
[BlackElo "1897"]
[WhiteClock "01:33:59"]
[BlackClock "01:25:30"]
[PlyCount "39"]
[WhiteFideId "34625771"]
[BlackFideId "12979422"]
[EventCountry "GER"]
[EventRounds "9"]
[EventType "swiss"]
[EventDate "2023.05.27"]

1. e4 {[%clk 01:30:53]} {[%emt 00:00:06]} e5 {[%clk 01:30:53]} {[%emt
00:00:08]} 2. Nf3 {[%clk 01:30:10]} {[%emt 00:00:44]} Nc6 {[%clk 01:31:14]}
{[%emt 00:00:10]} 3. d4 {[%clk 01:30:53]} {[%emt 00:00:14]} exd4 {[%clk
01:31:40]} {[%emt 00:00:05]} 4. Nxd4 {[%clk 01:31:16]} {[%emt 00:00:07]} Nf6
{[%clk 01:32:07]} {[%emt 00:00:04]} 5. Nxc6 {[%clk 01:31:37]} {[%emt 00:00:08]}
bxc6 {[%clk 01:32:33]} {[%emt 00:00:05]} 6. e5 {[%clk 01:32:00]} {[%emt
00:00:07]} Qe7 {[%clk 01:33:00]} {[%emt 00:00:03]} 7. Qe2 {[%clk 01:32:24]}
{[%emt 00:00:05]} Nd5 {[%clk 01:33:27]} {[%emt 00:00:04]} 8. c4 {[%clk
01:32:48]} {[%emt 00:00:06]} Ba6 {[%clk 01:33:53]} {[%emt 00:00:04]} 9. b3
{[%clk 01:33:11]} {[%emt 00:00:06]} g6 {[%clk 01:31:29]} {[%emt 00:02:55]} 10.
f4 {[%clk 01:33:35]} {[%emt 00:00:05]} Bg7 {[%clk 01:31:01]} {[%emt 00:00:58]}
11. Qf2 {[%clk 01:34:00]} {[%emt 00:00:06]} Nb6 {[%clk 01:30:40]} {[%emt
00:00:51]} 12. c5 {[%clk 01:34:23]} {[%emt 00:00:07]} Bxf1 {[%clk 01:30:28]}
{[%emt 00:00:42]} 13. cxb6 {[%clk 01:34:47]} {[%emt 00:00:06]} Ba6 {[%clk
01:29:46]} {[%emt 00:01:12]} 14. bxc7 {[%clk 01:34:54]} {[%emt 00:00:23]} d6
{[%clk 01:26:56]} {[%emt 00:03:20]} 15. Ba3 {[%clk 01:35:17]} {[%emt 00:00:06]}
Bxe5 {[%clk 01:26:54]} {[%emt 00:00:33]} 16. fxe5 {[%clk 01:35:00]} {[%emt
00:00:46]} Qxe5+ {[%clk 01:27:18]} {[%emt 00:00:07]} 17. Kd2 {[%clk 01:34:44]}
{[%emt 00:00:45]} Qxa1 {[%clk 01:24:41]} {[%emt 00:03:08]} 18. Re1+ {[%clk
01:34:53]} {[%emt 00:00:20]} Kd7 {[%clk 01:25:05]} {[%emt 00:00:07]} 19. Qxf7+
{[%clk 01:34:33]} {[%emt 00:00:49]} Kc8 {[%clk 01:25:30]} {[%emt 00:00:05]} 20.
Nc3 {[%clk 01:33:59]} {[%emt 00:01:03]} 1-0